Statistics for Fill in the lyrics to a random Taylor Swift song with no hints #3

Click here to take the quiz!

General Stats

  • This quiz has been taken 34 times
  • The average score is 293 of 387

Answer Stats

Answer% Correct
a
100%
I
100%
the
100%
You
100%
you
100%
me
97%
on
90%
we
90%
in
87%
And
84%
and
84%
can
84%
do
84%
my
84%
see
84%
your
84%
for
81%
it
81%
that
81%
That
81%
if
77%
like
77%
out
77%
so
77%
to
77%
don't
74%
know
74%
They
74%
they
74%
up
74%
with
74%
as
71%
been
71%
never
71%
us
71%
what
71%
What
71%
could
68%
not
68%
now
68%
would
68%
baby
65%
but
65%
But
65%
down
65%
it's
65%
knew
65%
tell
65%
think
65%
want
65%
will
65%
I've
61%
ever
61%
only
61%
won't
61%
found
58%
hall
58%
time
58%
'Cause
55%
feel
55%
kiss
55%
made
55%
make
55%
meet
55%
Oh
55%
oh
55%
watching
55%
went
55%
ages
52%
eyes
52%
hallway
52%
head
52%
past
52%
tonight
52%
Wait
52%
even
48%
haven't
48%
keep
48%
kept
48%
something
48%
sound
48%
suit
48%
things
48%
touch
48%
trying
48%
waitin'
48%
addiction
45%
against
45%
being
45%
brush
45%
everything
45%
mission
45%
more
45%
move
45%
necktie
45%
professional
45%
saying
45%
secret
45%
wall
45%
yeah
45%
yet
45%
believe
42%
changed
42%
half
42%
happened
42%
inside
42%
note
42%
quiet
42%
spent
42%
'til
42%
away
39%
behaving
39%
best
39%
fast
39%
floor
39%
jacket
39%
myself
39%
something's
39%
watchful
39%
Hide
35%
start
35%
Passed
32%
throw
32%

Score Distribution

Percentile by Number Answered

Percent of People with Each Score

Your Score History

You have not taken this quiz